[Event "CAN/Quebec op"]
[Site "Montreal CAN"]
[Date "2008.07.25"]
[Round "7"]
[White "Rozentalis, Eduardas"]
[Black "Komarov, Dimitri"]
[Result "1-0"]
[WhiteElo "2599"]
[BlackElo "2536"]
[PlyCount "51"]
[GameId "2160767910353513"]
[EventDate "2008.07.19"]
[EventType "swiss"]
[EventRounds "9"]
[EventCountry "CAN"]
[SourceTitle "CBM 125 Extra"]
[Source "ChessBase"]
[SourceDate "2008.09.01"]
[SourceVersion "1"]
[SourceVersionDate "2008.09.01"]
[SourceQuality "1"]

1. e4 c5 2. Nf3 e6 3. c3 d5 4. exd5 Qxd5 5. d4 Nf6 6. a3 Be7 7. Bd3 O-O 8. O-O Rd8 9. Be3 Nc6 10. Nbd2 cxd4 11. cxd4 b6 12. Qe2 Bb7 13. Rad1 Rac8 14. Rfe1 Ng4 15. Nf1 Nxe3 16. Nxe3 Qh5 17. Be4 Bf6 18. h3 Ba8 19. Ng4 Be7 20. Nfe5 Qg5 21. d5 Nxe5 22. Nxe5 exd5 23. Bxh7+ Kf8 24. Nxf7 Qf6 25. Nxd8 Rxd8 26. Rd3 1-0

[Event "CAN/Quebec op"]
[Site "Montreal CAN"]
[Date "2008.07.25"]
[Round "7"]
[White "Sambuev, Bator"]
[Black "Huzman, Alexander"]
[Result "1/2-1/2"]
[WhiteElo "2496"]
[BlackElo "2589"]
[PlyCount "63"]
[GameId "2160767910353514"]
[EventDate "2008.07.19"]
[EventType "swiss"]
[EventRounds "9"]
[EventCountry "CAN"]
[SourceTitle "CBM 125 Extra"]
[Source "ChessBase"]
[SourceDate "2008.09.01"]
[SourceVersion "1"]
[SourceVersionDate "2008.09.01"]
[SourceQuality "1"]

1. d4 d5 2. c4 c6 3. Nf3 Nf6 4. e3 Bg4 5. h3 Bxf3 6. Qxf3 e6 7. Nc3 Bb4 8. Bd3 Nbd7 9. O-O O-O 10. a3 Bxc3 11. bxc3 e5 12. Qg3 e4 13. Be2 Nb6 14. cxd5 cxd5 15. a4 Nc4 16. Bxc4 dxc4 17. Ba3 Re8 18. d5 Qxd5 19. Rfd1 Qe5 20. Qxe5 Rxe5 21. Rd4 Rc8 22. Rad1 h6 23. Bb4 Kh7 24. a5 Rc6 25. Kf1 b6 26. axb6 axb6 27. Rd8 Kg6 28. R1d6 Rxd6 29. Rxd6 Re6 30. Rd8 Re8 31. Rd6 Re6 32. Rd8 1/2-1/2

[Event "CAN/Quebec op"]
[Site "Montreal CAN"]
[Date "2008.07.25"]
[Round "7"]
[White "Swathi, Ghate"]
[Black "Kiran, Manisha Mohanty"]
[Result "1-0"]
[WhiteElo "2351"]
[BlackElo "2246"]
[PlyCount "77"]
[GameId "2160767910353515"]
[EventDate "2008.07.19"]
[EventType "swiss"]
[EventRounds "9"]
[EventCountry "CAN"]

1. e4 c5 2. Nf3 d6 3. d4 cxd4 4. Nxd4 Nf6 5. Nc3 Nc6 6. Bg5 e6 7. Qd2 Be7 8. O-O-O Nxd4 9. Qxd4 O-O 10. f3 Qa5 11. h4 a6 12. g4 b5 13. Bd2 e5 14. Qe3 b4 15. Nb1 d5 16. exd5 Nxd5 17. Qe4 Be6 18. g5 Rfd8 19. a4 g6 20. Bh3 Nc7 21. Bxe6 Nxe6 22. h5 Qd5 23. hxg6 Qxe4 24. gxf7+ Kxf7 25. fxe4 Nxg5 26. Rdf1+ Kg6 27. Rf5 Bf6 28. Rxf6+ Kxf6 29. Rh6+ Kg7 30. Bxg5 Rf8 31. Nd2 Rf2 32. Rd6 h5 33. b3 Rg2 34. Bf6+ Kh7 35. Nf3 Rc8 36. Nd2 Rg1+ 37. Kb2 Rd1 38. Bxe5 Rf8 39. c3 1-0

[Event "CAN/Quebec op"]
[Site "Montreal CAN"]
[Date "2008.07.25"]
[Round "7"]
[White "Venkatesh, Marani Rajendran"]
[Black "Bluvshtein, Mark"]
[Result "1-0"]
[WhiteElo "2462"]
[BlackElo "2548"]
[PlyCount "67"]
[GameId "2160767910353516"]
[EventDate "2008.07.19"]
[EventType "swiss"]
[EventRounds "9"]
[EventCountry "CAN"]
[SourceTitle "CBM 125 Extra"]
[Source "ChessBase"]
[SourceDate "2008.09.01"]
[SourceVersion "1"]
[SourceVersionDate "2008.09.01"]
[SourceQuality "1"]

1. e4 c5 2. Nf3 d6 3. d4 cxd4 4. Nxd4 Nf6 5. Nc3 Nc6 6. Bg5 e6 7. Qd2 a6 8. O-O-O Bd7 9. f3 Rc8 10. Be3 Ne5 11. Kb1 b5 12. Bd3 b4 13. Nce2 d5 14. exd5 Nxd5 15. Nf4 Nxd3 16. Qxd3 Nxe3 17. Qxe3 Bc5 18. Qd2 Ba4 19. b3 Bc6 20. Qe2 Qe7 21. Qxa6 Bd7 22. Nf5 exf5 23. Rhe1 Be3 24. Nd5 Qc5 25. Rxe3+ Kf8 26. Qd3 g6 27. Nxb4 f4 28. Re4 Bf5 29. Qd4 Bxe4 30. Qxh8+ Ke7 31. Qb2 Bf5 32. Nd5+ Ke8 33. Qe5+ Be6 34. Qh8+ 1-0

[Event "CAN/Quebec op"]
[Site "Montreal CAN"]
[Date "2008.07.26"]
[Round "8"]
[White "Arun Prasad, Subramanian"]
[Black "Ganguly, Surya Shekhar"]
[Result "1/2-1/2"]
[WhiteElo "2492"]
[BlackElo "2631"]
[PlyCount "106"]
[GameId "2160767910353518"]
[EventDate "2008.07.19"]
[EventType "swiss"]
[EventRounds "9"]
[EventCountry "CAN"]
[SourceTitle "CBM 125 Extra"]
[Source "ChessBase"]
[SourceDate "2008.09.01"]
[SourceVersion "1"]
[SourceVersionDate "2008.09.01"]
[SourceQuality "1"]

1. d4 Nf6 2. c4 g6 3. Nf3 Bg7 4. g3 O-O 5. Bg2 c6 6. O-O d5 7. cxd5 cxd5 8. Nc3 e6 9. Ne5 Nfd7 10. f4 Nc6 11. Be3 f6 12. Nf3 Nb6 13. Bf2 f5 14. Ne5 Bd7 15. b3 Qe7 16. Qd2 a5 17. a4 Rfc8 18. Rfc1 Nb4 19. Nd1 Bc6 20. Nb2 Nd7 21. Nbd3 Nxd3 22. Qxd3 Qd6 23. Rc3 b6 24. Rac1 Bb7 25. Rxc8+ Rxc8 26. Rxc8+ Bxc8 27. Qc2 Ba6 28. Nxd7 Qxd7 29. e3 Bf8 30. Be1 Bd6 31. Bf1 Bxf1 32. Kxf1 Kf7 33. Ke2 h6 34. h4 Be7 35. Kf1 Kg7 36. Qd3 Kf7 37. Qc2 Qd6 38. Bd2 g5 39. hxg5 hxg5 40. Be1 Qd8 41. Qe2 Qh8 42. Kg2 Kg6 43. Qb5 Qd8 44. Qc6 Kf7 45. Bf2 Qd6 46. Qxd6 Bxd6 47. Be1 Kg6 48. Kf3 Kh5 49. Bd2 Ba3 50. Bc3 Be7 51. Be1 Bb4 52. Bxb4 axb4 53. Kf2 g4 1/2-1/2

[Event "CAN/Quebec op"]
[Site "Montreal CAN"]
[Date "2008.07.26"]
[Round "8"]
[White "Barbeau, Sylvain"]
[Black "Swathi, Ghate"]
[Result "0-1"]
[WhiteElo "2367"]
[BlackElo "2351"]
[PlyCount "64"]
[GameId "2160767910353519"]
[EventDate "2008.07.19"]
[EventType "swiss"]
[EventRounds "9"]
[EventCountry "CAN"]

1. e4 c5 2. Nf3 e6 3. c3 d5 4. exd5 Qxd5 5. d4 Nf6 6. Bd3 Be7 7. O-O O-O 8. c4 Qd8 9. dxc5 Na6 10. Nc3 Nxc5 11. Bc2 b6 12. Qe2 Bb7 13. Bg5 Qc8 14. Rad1 Rd8 15. Rxd8+ Qxd8 16. Ne5 Qf8 17. b4 Na6 18. a3 Nc7 19. Qe3 Rd8 20. Qh3 h6 21. Be3 Bd6 22. f4 a5 23. bxa5 bxa5 24. g4 Nh7 25. Ne4 Bxa3 26. g5 f5 27. gxf6 Nxf6 28. Nxf6+ Qxf6 29. Bb6 Rd2 30. Qxa3 Rg2+ 31. Kh1 Rxc2+ 32. Nf3 Qxf4 0-1

[Event "CAN/Quebec op"]
[Site "Montreal CAN"]
[Date "2008.07.26"]
[Round "8"]
[White "Bartholomew, John"]
[Black "Kovalyov, Anton"]
[Result "0-1"]
[WhiteElo "2440"]
[BlackElo "2548"]
[PlyCount "68"]
[GameId "2160767910353520"]
[EventDate "2008.07.19"]
[EventType "swiss"]
[EventRounds "9"]
[EventCountry "CAN"]
[SourceTitle "CBM 125 Extra"]
[Source "ChessBase"]
[SourceDate "2008.09.01"]
[SourceVersion "1"]
[SourceVersionDate "2008.09.01"]
[SourceQuality "1"]

1. d4 Nf6 2. c4 e6 3. Nc3 Bb4 4. Qc2 c5 5. dxc5 Bxc5 6. Nf3 Qb6 7. e3 Qc7 8. a3 a6 9. b4 Be7 10. Bb2 d6 11. Be2 b6 12. O-O Bb7 13. Rac1 Nbd7 14. Rfd1 O-O 15. Qb1 Rac8 16. Nd4 Qb8 17. Na4 Rc7 18. Bc3 Rfc8 19. Be1 d5 20. cxd5 Nxd5 21. Rxc7 Qxc7 22. e4 Nf4 23. Bf1 b5 24. Nb2 Bf6 25. f3 Ne5 26. Bf2 Qc3 27. Qa2 g5 28. h3 h5 29. a4 g4 30. hxg4 hxg4 31. axb5 gxf3 32. Na4 Qxb4 33. bxa6 Bxe4 34. g3 Ne2+ 0-1

[Event "CAN/Quebec op"]
[Site "Montreal CAN"]
[Date "2008.07.26"]
[Round "8"]
[White "Bluvshtein, Mark"]
[Black "Mohota, Nisha"]
[Result "1-0"]
[WhiteElo "2548"]
[BlackElo "2354"]
[PlyCount "101"]
[GameId "2160767910353521"]
[EventDate "2008.07.19"]
[EventType "swiss"]
[EventRounds "9"]
[EventCountry "CAN"]
[SourceTitle "CBM 125 Extra"]
[Source "ChessBase"]
[SourceDate "2008.09.01"]
[SourceVersion "1"]
[SourceVersionDate "2008.09.01"]
[SourceQuality "1"]

1. d4 d5 2. c4 e6 3. Nc3 Be7 4. Nf3 Nf6 5. Bg5 O-O 6. Qc2 Nbd7 7. e3 c5 8. cxd5 Nxd5 9. Bxe7 Qxe7 10. Nxd5 exd5 11. Bd3 h6 12. dxc5 Nxc5 13. Rc1 Nxd3+ 14. Qxd3 Qe4 15. Qxe4 dxe4 16. Nd4 Bd7 17. Kd2 Rac8 18. h4 Rfd8 19. b4 Kf8 20. Rc3 Rxc3 21. Kxc3 Rc8+ 22. Kb3 Ke7 23. a4 Be6+ 24. Nxe6 Kxe6 25. Rd1 g6 26. g4 f5 27. gxf5+ gxf5 28. Rg1 Kf7 29. h5 Rc6 30. b5 Rd6 31. Kc4 b6 32. Rg3 Kf8 33. Rg2 Kf7 34. Rg1 Kf8 35. a5 bxa5 36. Ra1 a6 37. Kc5 Ke7 38. b6 Kd7 39. Rb1 Rc6+ 40. Kd5 Rc8 41. b7 Rb8 42. Ke5 Kc6 43. Kxf5 Kd5 44. Rb6 a4 45. Rxa6 Rxb7 46. Ra5+ Kc4 47. Rxa4+ Kd3 48. Rxe4 Rf7+ 49. Kg6 Rxf2 50. Re5 Rg2+ 51. Kxh6 1-0

[Event "CAN/Quebec op"]
[Site "Montreal CAN"]
[Date "2008.07.26"]
[Round "8"]
[White "Castaneda, Nelson"]
[Black "Chabot, Roland"]
[Result "1-0"]
[WhiteElo "2314"]
[BlackElo "2235"]
[PlyCount "109"]
[GameId "2160767910353522"]
[EventDate "2008.07.19"]
[EventType "swiss"]
[EventRounds "9"]
[EventCountry "CAN"]
[SourceTitle "CBM 125 Extra"]
[Source "ChessBase"]
[SourceDate "2008.09.01"]
[SourceVersion "1"]
[SourceVersionDate "2008.09.01"]
[SourceQuality "1"]

1. e4 c5 2. Nf3 e6 3. c3 Nf6 4. d3 d5 5. Nbd2 Nc6 6. Be2 Be7 7. O-O O-O 8. a3 a5 9. a4 b6 10. Re1 Ba6 11. Qc2 Rc8 12. Bf1 Qc7 13. g3 Rfd8 14. Nb1 dxe4 15. dxe4 Bxf1 16. Kxf1 c4 17. Bf4 e5 18. Bg5 Rd3 19. Nfd2 Qd7 20. Bxf6 gxf6 21. Nxc4 Qh3+ 22. Kg1 Rcd8 23. Nbd2 Bc5 24. Nf1 Qg4 25. Qe2 Rf3 26. Ncd2 Rdd3 27. Nxf3 Rxf3 28. Nd2 Rxg3+ 29. Kh1 Qxe2 30. Rxe2 Rd3 31. Rg1+ Kf8 32. Rg3 Rd8 33. Nc4 Ne7 34. Rd2 Rxd2 35. Nxd2 Bxf2 36. Rf3 Bh4 37. Nc4 Nc8 38. Rh3 Bf2 39. Rxh7 Ke7 40. Kg2 Bc5 41. Rh8 Kd7 42. h4 Ne7 43. h5 f5 44. h6 Ng6 45. Rg8 Be7 46. Nxb6+ Ke6 47. Nd5 Nf8 48. Nxe7 Kxe7 49. exf5 Nh7 50. Rg7 Nf6 51. h7 Nxh7 52. Rxh7 Kf6 53. Rh5 e4 54. b4 axb4 55. cxb4 1-0

[Event "CAN/Quebec op"]
[Site "Montreal CAN"]
[Date "2008.07.26"]
[Round "8"]
[White "Cheng, Bindi"]
[Black "Arencibia Rodriguez, Walter"]
[Result "0-1"]
[WhiteElo "2333"]
[BlackElo "2536"]
[PlyCount "150"]
[GameId "2160767910353523"]
[EventDate "2008.07.19"]
[EventType "swiss"]
[EventRounds "9"]
[EventCountry "CAN"]
[SourceTitle "CBM 125 Extra"]
[Source "ChessBase"]
[SourceDate "2008.09.01"]
[SourceVersion "1"]
[SourceVersionDate "2008.09.01"]
[SourceQuality "1"]

1. d4 d5 2. c4 e6 3. Nf3 Nf6 4. Nc3 Be7 5. Bg5 O-O 6. e3 Nbd7 7. Rc1 a6 8. cxd5 exd5 9. Bd3 c6 10. O-O Re8 11. Qc2 Nf8 12. h3 g6 13. Bh6 Ne6 14. Rfd1 Ng7 15. Qb3 Ra7 16. Na4 Ne4 17. Qb6 Qxb6 18. Nxb6 Be6 19. Bf4 Nf5 20. Nd2 Nxd2 21. Rxd2 a5 22. Na4 Nd6 23. Rdd1 Bf8 24. Nc5 Bc8 25. Na4 f6 26. Bh2 Kg7 27. Re1 Be6 28. Red1 Bf7 29. Be2 h5 30. Bd3 h4 31. Re1 Ne4 32. Red1 Bd6 33. Bxe4 Bxh2+ 34. Kxh2 dxe4 35. b3 b5 36. Nc5 Bd5 37. Rb1 g5 38. Rd2 f5 39. g3 Rh8 40. Rg1 hxg3+ 41. fxg3 Kg6 42. Rf2 Rah7 43. h4 Rf7 44. Rgg2 Kf6 45. Kg1 gxh4 46. g4 Ke7 47. Rxf5 Rxf5 48. gxf5 Kf6 49. Rf2 Rg8+ 50. Kh2 Rg7 51. Rf4 Rg3 52. Nd7+ Kg5 53. f6 Rxe3 54. f7 Re2+ 55. Kg1 Bxf7 56. Rxf7 Rxa2 57. Ne5 Rc2 58. Rf8 e3 59. Nf3+ Kh5 60. Rf4 a4 61. bxa4 bxa4 62. Rxh4+ Kg6 63. Ne1 Re2 64. Kf1 Rf2+ 65. Kg1 a3 66. Re4 Re2 67. Kf1 Rxe1+ 68. Kxe1 a2 69. Ke2 a1=Q 70. Kxe3 Qc3+ 71. Kf4 Kf6 72. Kg4 Qd3 73. Kf4 Qc3 74. Kg4 Qb3 75. Re8 Qd1+ 0-1

[Event "CAN/Quebec op"]
[Site "Montreal CAN"]
[Date "2008.07.26"]
[Round "8"]
[White "Cornette, Matthieu"]
[Black "Mikhalevski, Victor"]
[Result "1-0"]
[WhiteElo "2521"]
[BlackElo "2592"]
[PlyCount "79"]
[GameId "2160767910353524"]
[EventDate "2008.07.19"]
[EventType "swiss"]
[EventRounds "9"]
[EventCountry "CAN"]
[SourceTitle "CBM 125 Extra"]
[Source "ChessBase"]
[SourceDate "2008.09.01"]
[SourceVersion "1"]
[SourceVersionDate "2008.09.01"]
[SourceQuality "1"]

1. e4 e5 2. Nf3 Nc6 3. Bb5 a6 4. Bxc6 dxc6 5. O-O f6 6. d4 exd4 7. Nxd4 c5 8. Ne2 Qxd1 9. Rxd1 Bd7 10. Nbc3 O-O-O 11. Be3 Re8 12. Rd2 Bc6 13. Rad1 Bd6 14. Bf4 Bxf4 15. Nxf4 Nh6 16. Re2 Nf7 17. f3 Ne5 18. Kf2 Rhf8 19. g4 b5 20. Ncd5 Rf7 21. h3 a5 22. b3 c4 23. Nh5 cxb3 24. cxb3 Kb7 25. Rc2 Rd7 26. Rc5 Rf7 27. Nhf4 Nd7 28. Rc2 Ne5 29. Kg3 Bxd5 30. exd5 Kb6 31. Rdc1 Rd8 32. Rc5 b4 33. Ne6 Rdd7 34. Nd4 Rd6 35. Rb5+ Ka6 36. Rcc5 Rfd7 37. Rxa5+ Kb7 38. Nc6 Rxc6 39. dxc6+ Nxc6 40. Rcb5+ 1-0

[Event "CAN/Quebec op"]
[Site "Montreal CAN"]
[Date "2008.07.26"]
[Round "8"]
[White "Drolet, Stephane"]
[Black "Henry, Liam"]
[Result "0-1"]
[WhiteElo "2131"]
[BlackElo "2211"]
[PlyCount "62"]
[GameId "2160767910353525"]
[EventDate "2008.07.19"]
[EventType "swiss"]
[EventRounds "9"]
[EventCountry "CAN"]

1. d4 Nf6 2. Nf3 g6 3. g3 Bg7 4. Bg2 O-O 5. b3 d6 6. Bb2 e5 7. dxe5 Ng4 8. O-O Nc6 9. c4 Ngxe5 10. Qd2 Re8 11. Nxe5 dxe5 12. Bxc6 bxc6 13. Rd1 Qe7 14. Qa5 Bg4 15. Qe1 h5 16. f3 e4 17. Ba3 Qf6 18. fxg4 Qxa1 19. Rd7 Rad8 20. Rxc7 Qd4+ 21. Kg2 Qb6 22. Re7 Qd4 23. Rb7 hxg4 24. Qf1 Rd7 25. Rxd7 Qxd7 26. Bb4 Re6 27. Nc3 c5 28. Ba5 Ra6 29. Nd5 Rxa5 30. a4 Ra6 31. Qf4 Rd6 0-1

[Event "CAN/Quebec op"]
[Site "Montreal CAN"]
[Date "2008.07.26"]
[Round "8"]
[White "Hansen, Eric"]
[Black "Jiang, Louie"]
[Result "1-0"]
[WhiteElo "2268"]
[BlackElo "2135"]
[PlyCount "125"]
[GameId "2160767910353526"]
[EventDate "2008.07.19"]
[EventType "swiss"]
[EventRounds "9"]
[EventCountry "CAN"]
[SourceTitle "CBM 125 Extra"]
[Source "ChessBase"]
[SourceDate "2008.09.01"]
[SourceVersion "1"]
[SourceVersionDate "2008.09.01"]
[SourceQuality "1"]

1. e4 c5 2. Nf3 d6 3. d4 cxd4 4. Nxd4 Nf6 5. Nc3 a6 6. Bg5 e6 7. Qd2 Be7 8. O-O-O Bd7 9. f4 Nc6 10. Nf3 b5 11. Bxf6 gxf6 12. Kb1 Qb6 13. Ne2 O-O-O 14. Ned4 Kb8 15. g3 Bc8 16. Nxc6+ Qxc6 17. Nd4 Qb6 18. f5 e5 19. Ne2 d5 20. exd5 Bxf5 21. Bg2 Rc8 22. Nc3 Rhd8 23. Rhf1 Bg6 24. Be4 Bb4 25. Bxg6 hxg6 26. Rf3 e4 27. Qf4+ Bd6 28. Qxe4 Rc4 29. Qe2 f5 30. Re3 Bb4 31. a3 Bxc3 32. Rxc3 Rxc3 33. bxc3 Qc5 34. Qe5+ Qd6 35. Qd4 Rc8 36. Kb2 Rc4 37. Qg7 Ra4 38. Qg8+ Kc7 39. Qxf7+ Kb8 40. Ra1 Re4 41. Qg8+ Kb7 42. Qf7+ Kb8 43. g4 Rxg4 44. Re1 Re4 45. Rxe4 fxe4 46. Qe8+ Kc7 47. Qxe4 Kb6 48. Qd4+ Kc7 49. h4 Kd7 50. c4 bxc4 51. Qxc4 Qe5+ 52. Ka2 Kd8 53. d6 Qxd6 54. Qd3 Kc7 55. Qxd6+ Kxd6 56. Kb3 Kc5 57. c4 Kb6 58. Kb4 a5+ 59. Kc3 Kc5 60. a4 Kc6 61. Kd4 Kd6 62. c5+ Kc6 63. Kc4 1-0

[Event "CAN/Quebec op"]
[Site "Montreal CAN"]
[Date "2008.07.26"]
[Round "8"]
[White "Huzman, Alexander"]
[Black "Roussel-Roozmon, Thomas"]
[Result "1-0"]
[WhiteElo "2589"]
[BlackElo "2486"]
[PlyCount "81"]
[GameId "2160767910353527"]
[EventDate "2008.07.19"]
[EventType "swiss"]
[EventRounds "9"]
[EventCountry "CAN"]
[SourceTitle "CBM 125 Extra"]
[Source "ChessBase"]
[SourceDate "2008.09.01"]
[SourceVersion "1"]
[SourceVersionDate "2008.09.01"]
[SourceQuality "1"]

1. d4 Nf6 2. c4 e6 3. Nc3 Bb4 4. Qc2 O-O 5. a3 Bxc3+ 6. Qxc3 d6 7. Nf3 Nbd7 8. e3 b6 9. b4 Bb7 10. Bb2 Ne4 11. Qc2 f5 12. Bd3 Qe7 13. O-O Rae8 14. d5 exd5 15. cxd5 Bxd5 16. Bc4 Ndf6 17. Bxf6 Nxf6 18. Bxd5+ Nxd5 19. Qb3 c6 20. Rac1 Kh8 21. Rxc6 Nc7 22. Rd1 Rd8 23. Nd4 f4 24. Rdc1 Rd7 25. Qc4 d5 26. Qc3 Ne8 27. exf4 Rxf4 28. Re6 Qd8 29. Nc6 Qa8 30. Qe3 Rf8 31. Ne5 Rb7 32. Rec6 Nf6 33. Qh3 Kg8 34. Qe6+ Kh8 35. Rc8 Rb8 36. Nf7+ Kg8 37. Nd6+ Kh8 38. R1c7 Rbxc8 39. Rxc8 Qxc8 40. Nxc8 Re8 41. Ne7 1-0

[Event "CAN/Quebec op"]
[Site "Montreal CAN"]
[Date "2008.07.26"]
[Round "8"]
[White "Istratescu, Andrei"]
[Black "Rathnakaran, Kantholi"]
[Result "1-0"]
[WhiteElo "2636"]
[BlackElo "2453"]
[PlyCount "149"]
[GameId "2160767910353528"]
[EventDate "2008.07.19"]
[EventType "swiss"]
[EventRounds "9"]
[EventCountry "CAN"]

1. d4 Nf6 2. c4 c5 3. d5 e6 4. Nc3 exd5 5. cxd5 d6 6. e4 g6 7. h3 Bg7 8. Nf3 O-O 9. Bd3 Re8 10. O-O b6 11. Re1 a6 12. a4 Ra7 13. Bf4 Nh5 14. Bh2 Be5 15. Nxe5 dxe5 16. Qd2 Qf6 17. Qe3 Nd7 18. Rab1 Qd6 19. Ne2 Rc7 20. Rec1 Bb7 21. f3 Rec8 22. b3 Ng7 23. Qh6 b5 24. axb5 Qb6 25. Kh1 axb5 26. Bg1 b4 27. Ra1 Qd6 28. Ng3 Ne8 29. Nf1 Qe7 30. Nd2 Nd6 31. Nc4 Nxc4 32. Bxc4 Nf6 33. Ra5 Nh5 34. Bf2 Qd6 35. Bf1 Nf4 36. Be3 Qb6 37. Ra2 Qd6 38. Rac2 Ba6 39. Bxa6 Qxa6 40. Bxf4 exf4 41. Qxf4 Qd3 42. Rb2 Ra7 43. Qd2 Qxd2 44. Rxd2 Ra3 45. Rb2 g5 46. d6 f6 47. Kh2 Kf7 48. d7 Rd8 49. Rxc5 Rxd7 50. Rb5 Rd4 51. Rb7+ Ke6 52. Rxh7 Ke5 53. Kg3 Rd3 54. Rb7 Kd4 55. Rb1 Kc5 56. Rc1+ Rc3 57. Rc7+ Kd4 58. Rd7+ Kc5 59. Rd5+ Kb6 60. Rd6+ Kb5 61. Rcd1 Raxb3 62. Rxf6 Rd3 63. Rf5+ Kc4 64. Rd5 Rxd1 65. Rxd1 Rc3 66. Kg4 Rc2 67. Kxg5 Rxg2+ 68. Kf5 b3 69. e5 b2 70. e6 Kc3 71. e7 Re2 72. Kf6 Kc2 73. Rg1 b1=Q 74. Rxb1 Kxb1 75. h4 1-0

[Event "CAN/Quebec op"]
[Site "Montreal CAN"]
[Date "2008.07.26"]
[Round "8"]
[White "Karavade, Eesha"]
[Black "Ivkov, Borislav"]
[Result "0-1"]
[WhiteElo "2297"]
[BlackElo "2411"]
[PlyCount "78"]
[GameId "2160767910353530"]
[EventDate "2008.07.19"]
[EventType "swiss"]
[EventRounds "9"]
[EventCountry "CAN"]
[SourceTitle "CBM 125 Extra"]
[Source "ChessBase"]
[SourceDate "2008.09.01"]
[SourceVersion "1"]
[SourceVersionDate "2008.09.01"]
[SourceQuality "1"]

1. d4 e6 2. c4 Bb4+ 3. Bd2 Qe7 4. Nf3 f5 5. Nc3 Nf6 6. g3 b6 7. Bg2 Bb7 8. a3 Bxc3 9. Bxc3 Ne4 10. Qc2 Nxc3 11. Qxc3 d6 12. O-O O-O 13. Rfd1 Nd7 14. b4 Nf6 15. Rac1 Ne4 16. Qd3 a5 17. b5 e5 18. c5 dxc5 19. dxe5 Rad8 20. Qb3+ Kh8 21. Rd3 Bc8 22. Rcd1 Be6 23. Qc2 c4 24. Rxd8 Rxd8 25. Nd4 Bg8 26. e6 Qxa3 27. Bxe4 fxe4 28. Qxc4 Qc5 29. Qxc5 bxc5 30. e7 Re8 31. Nc6 a4 32. Rd7 a3 33. Rxc7 a2 34. Ra7 Bc4 35. Ne5 Rxe7 36. Ra8+ Bg8 37. b6 Rb7 38. g4 g5 39. Nc4 a1=Q+ 0-1

[Event "CAN/Quebec op"]
[Site "Montreal CAN"]
[Date "2008.07.26"]
[Round "8"]
[White "Kiran, Manisha Mohanty"]
[Black "Meera, Sai Ravi"]
[Result "1/2-1/2"]
[WhiteElo "2261"]
[BlackElo "2179"]
[PlyCount "45"]
[GameId "2160767910353531"]
[EventDate "2008.07.19"]
[EventType "swiss"]
[EventRounds "9"]
[EventCountry "CAN"]
[SourceTitle "CBM 125 Extra"]
[Source "ChessBase"]
[SourceDate "2008.09.01"]
[SourceVersion "1"]
[SourceVersionDate "2008.09.01"]
[SourceQuality "1"]

1. c4 c5 2. Nc3 Nc6 3. g3 g6 4. Bg2 Bg7 5. e3 e6 6. Nge2 Nge7 7. d4 cxd4 8. exd4 d5 9. cxd5 Nxd5 10. O-O O-O 11. Nxd5 exd5 12. Be3 Bg4 13. h3 Bxe2 14. Qxe2 Nxd4 15. Bxd4 Bxd4 16. Rad1 Qb6 17. Bxd5 Qxb2 18. Qxb2 Bxb2 19. Bxb7 Rad8 20. Bf3 Bf6 21. Rxd8 Rxd8 22. Rd1 Rxd1+ 23. Bxd1 1/2-1/2

[Event "CAN/Quebec op"]
[Site "Montreal CAN"]
[Date "2008.07.26"]
[Round "8"]
[White "Komarov, Dimitri"]
[Black "Panjwani, Raja"]
[Result "1/2-1/2"]
[WhiteElo "2536"]
[BlackElo "2310"]
[PlyCount "116"]
[GameId "2160767910353532"]
[EventDate "2008.07.19"]
[EventType "swiss"]
[EventRounds "9"]
[EventCountry "CAN"]
[SourceTitle "CBM 125 Extra"]
[Source "ChessBase"]
[SourceDate "2008.09.01"]
[SourceVersion "1"]
[SourceVersionDate "2008.09.01"]
[SourceQuality "1"]

1. d4 Nf6 2. c4 g6 3. Nc3 Bg7 4. e4 d6 5. Be2 O-O 6. Nf3 Na6 7. O-O e5 8. Be3 c6 9. d5 Ng4 10. Bg5 f6 11. Bh4 c5 12. Ne1 Nh6 13. a3 Bd7 14. Nd3 b6 15. b4 Qe8 16. f3 Nf7 17. Qc2 f5 18. b5 Nc7 19. a4 f4 20. a5 Rb8 21. axb6 axb6 22. Ra7 Qc8 23. Bf2 h5 24. Rfa1 Bf6 25. Qd1 g5 26. Na4 Nh6 27. Nb4 Rb7 28. Rxb7 Qxb7 29. Nc6 Ra8 30. Kh1 Nf7 31. h4 Nh8 32. hxg5 Bxg5 33. Kg1 h4 34. Kf1 Ng6 35. Bd3 Kf7 36. Ke2 Bf6 37. Bc2 Bg5 38. Nb2 Rxa1 39. Qxa1 Bf6 40. Be1 Ke8 41. Na4 Na8 42. Bc3 Bg7 43. Nb2 Nc7 44. Nd3 Qa8 45. Qb2 Kf7 46. Ba5 bxa5 47. b6 Bxc6 48. dxc6 Ne6 49. Ba4 Bf6 50. c7 Nd4+ 51. Kd1 Qb7 52. Qc3 Ne7 53. Qxa5 Nc8 54. Nc1 Nxb6 55. Qxb6 Qxb6 56. c8=Q Qa7 57. Be8+ Ke7 58. Bc6 Nxc6 1/2-1/2

[Event "CAN/Quebec op"]
[Site "Montreal CAN"]
[Date "2008.07.26"]
[Round "8"]
[White "Kunte, Abhijit"]
[Black "Sambuev, Bator"]
[Result "1-0"]
[WhiteElo "2554"]
[BlackElo "2496"]
[PlyCount "51"]
[GameId "2160767910353533"]
[EventDate "2008.07.19"]
[EventType "swiss"]
[EventRounds "9"]
[EventCountry "CAN"]
[SourceTitle "CBM 125 Extra"]
[Source "ChessBase"]
[SourceDate "2008.09.01"]
[SourceVersion "1"]
[SourceVersionDate "2008.09.01"]
[SourceQuality "1"]

1. d4 d5 2. c4 c6 3. Nc3 e6 4. e3 f5 5. Bd3 Nf6 6. Qc2 a6 7. Nf3 Bd6 8. O-O Nbd7 9. cxd5 cxd5 10. Ne2 Ne4 11. b3 O-O 12. Bb2 Qf6 13. Qc1 Re8 14. Ng3 g5 15. Bxe4 fxe4 16. Nd2 Qh6 17. Qe1 Nf6 18. f3 exf3 19. Nxf3 Bd7 20. a4 Rec8 21. Ne5 Be8 22. Ba3 Bxa3 23. Rxa3 Rc7 24. Qb4 Rac8 25. Qd6 Nd7 26. Nf5 1-0

[Event "CAN/Quebec op"]
[Site "Montreal CAN"]
[Date "2008.07.26"]
[Round "8"]
[White "Moiseenko, Alexander"]
[Black "Rozentalis, Eduardas"]
[Result "1/2-1/2"]
[WhiteElo "2632"]
[BlackElo "2599"]
[PlyCount "50"]
[GameId "2160767910353534"]
[EventDate "2008.07.19"]
[EventType "swiss"]
[EventRounds "9"]
[EventCountry "CAN"]
[SourceTitle "CBM 125 Extra"]
[Source "ChessBase"]
[SourceDate "2008.09.01"]
[SourceVersion "1"]
[SourceVersionDate "2008.09.01"]
[SourceQuality "1"]

1. d4 Nf6 2. c4 e6 3. g3 Bb4+ 4. Nc3 c5 5. Nf3 cxd4 6. Nxd4 Ne4 7. Qd3 Bxc3+ 8. bxc3 Nc5 9. Qe3 d6 10. Bg2 O-O 11. O-O e5 12. Nb3 Nba6 13. Nxc5 Nxc5 14. Ba3 Qc7 15. Rfd1 Be6 16. Rxd6 Rac8 17. Qxe5 Bxc4 18. e3 b6 19. Qd4 Ne6 20. Qh4 Bb5 21. Rb1 Qxc3 22. Be4 h6 23. Bb2 Qc4 24. Rbd1 Rc5 25. h3 Re8 1/2-1/2